Eastern Utah Libraries Catalog: Duchesne, Heber, Roosevelt, & Vernal

The originals. The fifth and final season (Record no. 354790)

MARC details
000 -LEADER
fixed length control field 03981cgm a2200721Ii 4500
001 - CONTROL NUMBER
control field 1049175979
003 - CONTROL NUMBER IDENTIFIER
control field OCoLC
005 - DATE AND TIME OF LATEST TRANSACTION
control field 20251208113959.0
007 - PHYSICAL DESCRIPTION FIXED FIELD--GENERAL INFORMATION
fixed length control field vd cvaizq
008 - FIXED-LENGTH DATA ELEMENTS--GENERAL INFORMATION
fixed length control field 180822p20182017cau548 vleng d
024 1# - OTHER STANDARD IDENTIFIER
Standard number or code 883929608324
028 42 - PUBLISHER NUMBER
Publisher number 1000692896
Source Warner Bros.
028 42 - PUBLISHER NUMBER
Publisher number 3000079441
Source Warner Bros.
028 42 - PUBLISHER NUMBER
Publisher number 2000143527-2000143529
Source Warner Bros.
035 ## - SYSTEM CONTROL NUMBER
System control number (OCoLC)1049175979
040 ## - CATALOGING SOURCE
Original cataloging agency TEFMT
Language of cataloging eng
Description conventions rda
Transcribing agency TEFMT
Modifying agency OCLCO
-- TEF
-- OCLCF
-- OCP
-- GL4
-- IZ8
-- GPI
-- CO2
041 1# - LANGUAGE CODE
Language code of text/sound track or separate title eng
Language code of original and/or intermediate translations of text eng
043 ## - GEOGRAPHIC AREA CODE
Geographic area code n-us-la
049 ## - LOCAL HOLDINGS (OCLC)
Holding library CO2A
092 ## - LOCALLY ASSIGNED DEWEY CALL NUMBER (OCLC)
Feature heading DVD
Item number ORIGINALS
245 04 - TITLE STATEMENT
Title The originals. The fifth and final season
Medium [videorecording].
264 #1 - Production, Publication, Distribution, Manufacture, and Copyright Notice.
Place of production, publication, distribution, manufacture Burbank, CA :
Name of producer, publisher, distributor, manufacturer Warner Bros. Home Entertainment,
Date of production, publication, distribution, manufacture, or copyr [2018]
264 #4 - Production, Publication, Distribution, Manufacture, and Copyright Notice.
Date of production, publication, distribution, manufacture, or copyr © 2018, 2017.
Place of production, publication, distribution, manufacture Burbank, CA :
Name of producer, publisher, distributor, manufacturer Warner Bros. Home Entertainment,
300 ## - PHYSICAL DESCRIPTION
Extent 3 videodiscs (548 min.) :
Other physical details sound, color ;
Dimensions 4 3/4 in.
336 ## - Content Type
Content type term two-dimensional moving image
337 ## - Media type
Media type term video
338 ## - Carrier type
Carrier type term videodisc
500 ## - GENERAL NOTE
General note Originally aired on television in 2017.
500 ## - GENERAL NOTE
General note Widescreen.
500 ## - GENERAL NOTE
General note Special features: The Originals: come visit Georgia - 2 PSAs ; The Originals: Comic-Con panel San Diego 2017 ; unaired scenes ; gag reel.
505 0# - FORMATTED CONTENTS NOTE
Formatted contents note Disc 1. Where you left your heart ; One wrong turn on Bourbon ; Ne me quitte pas ; Between the devil and the deep blue sea ; Don't it just break your heart -- disc 2. What, will, I, have, left ; God's gonna trouble the water ; The kindness of strangers ; We have not long to love -- disc 3. There in the disappearing light ; 'Til the day I die ; The tale of two wolves ; When the saints go marching in.
511 1# - PARTICIPANT OR PERFORMER NOTE
Participant or performer note Joseph Morgan, Daniel Gillies, Phoebe Tonkin, Charles Michael Davis, Leah Pipes, Danielle Campbell, Riley Voelkel, Yusuf Gatewood..
520 ## - SUMMARY, ETC.
Summary, etc The final season begins seven years after the core members of the Mikaelson family, Klaus, Elijah, Rebekah and Kol, each absorb a quarter of the Hollow's dark energy and flee New Orleans to keep their beloved city and young Hope safe. As the Mickaelsons return to New Orleans, bringing the pieces of a century's old evil with them, it becomes clear that the closing chapter of this family saga will be as bloody and emotional as ever.
521 8# - TARGET AUDIENCE NOTE
Target audience note Not rated.
538 ## - SYSTEM DETAILS NOTE
System details note DVD, region 1; Dolby Digital 5.1 surround.
546 ## - LANGUAGE NOTE
Language note English dialogue; English or French subtitles; subtitled for the deaf and hard of hearing (SDH).
650 #0 - SUBJECT ADDED ENTRY--TOPICAL TERM
Topical term or geographic name as entry element Vampires
Geographic subdivision Louisiana
-- New Orleans
Form subdivision Drama.
9 (RLIN) 6380783
650 #0 - SUBJECT ADDED ENTRY--TOPICAL TERM
Topical term or geographic name as entry element Werewolves
Geographic subdivision Louisiana
-- New Orleans
Form subdivision Drama.
9 (RLIN) 6380784
650 #0 - SUBJECT ADDED ENTRY--TOPICAL TERM
Topical term or geographic name as entry element Families
Geographic subdivision Louisiana
-- New Orleans
Form subdivision Drama.
9 (RLIN) 6380833
651 #0 - SUBJECT ADDED ENTRY--GEOGRAPHIC NAME
Geographic name New Orleans (La.)
Form subdivision Drama.
9 (RLIN) 5746282
651 #0 - SUBJECT ADDED ENTRY--GEOGRAPHIC NAME
Geographic name Vieux Carré (New Orleans, La.)
Form subdivision Drama.
9 (RLIN) 6380858
655 #7 - INDEX TERM--GENRE/FORM
Genre/form data or focus term Television series.
Source of term lcgft.
9 (RLIN) 6380859
655 #7 - INDEX TERM--GENRE/FORM
Genre/form data or focus term Horror television programs.
Source of term lcgft.
9 (RLIN) 6380860
655 #7 - INDEX TERM--GENRE/FORM
Genre/form data or focus term Fantasy television programs.
Source of term lcgft.
9 (RLIN) 102697
655 #7 - INDEX TERM--GENRE/FORM
Genre/form data or focus term Vampire television programs.
Source of term lcgft.
9 (RLIN) 5698784
655 #7 - INDEX TERM--GENRE/FORM
Genre/form data or focus term Werewolf television programs.
Source of term lcgft.
9 (RLIN) 5741552
655 #7 - INDEX TERM--GENRE/FORM
Genre/form data or focus term Action and adventure television programs.
Source of term lcgft.
9 (RLIN) 5676921
655 #7 - INDEX TERM--GENRE/FORM
Genre/form data or focus term Romance television programs.
Source of term lcgft.
9 (RLIN) 5715108
655 #7 - INDEX TERM--GENRE/FORM
Genre/form data or focus term Fiction television programs.
Source of term lcgft.
9 (RLIN) 5673656
655 #7 - INDEX TERM--GENRE/FORM
Genre/form data or focus term Video recordings for the hearing impaired.
Source of term lcgft.
9 (RLIN) 6380861
690 ## - LOCAL SUBJECT ADDED ENTRY--TOPICAL TERM (OCLC, RLIN)
Topical term or geographic name as entry element DVD.
690 ## - LOCAL SUBJECT ADDED ENTRY--TOPICAL TERM (OCLC, RLIN)
Topical term or geographic name as entry element French language materials.
700 1# - ADDED ENTRY--PERSONAL NAME
Personal name Morgan, Joseph,
Dates associated with a name 1981-
Relator term actor.
9 (RLIN) 6380787
700 1# - ADDED ENTRY--PERSONAL NAME
Personal name Gillies, Daniel,
Dates associated with a name 1976-
Relator term actor.
9 (RLIN) 71602
700 1# - ADDED ENTRY--PERSONAL NAME
Personal name Tonkin, Phoebe,
Dates associated with a name 1989-
Relator term actor.
9 (RLIN) 6380854
700 1# - ADDED ENTRY--PERSONAL NAME
Personal name Davis, Charles Michael,
Dates associated with a name 1984-
Relator term actor.
9 (RLIN) 6380845
700 1# - ADDED ENTRY--PERSONAL NAME
Personal name Gateqood, Yusuf,
Dates associated with a name 1982-
Relator term actor.
9 (RLIN) 6380855
700 1# - ADDED ENTRY--PERSONAL NAME
Personal name Voelkel, Riley,
Dates associated with a name 1990-
Relator term actor.
9 (RLIN) 6380856
710 2# - ADDED ENTRY--CORPORATE NAME
Corporate name or jurisdiction name as entry element Warner Bros. Home Entertainment (Firm),
Relator term publisher.
9 (RLIN) 5768895
730 0# - ADDED ENTRY--UNIFORM TITLE
Uniform title Originals (Television program)
9 (RLIN) 6380811
907 ## - LOCAL DATA ELEMENT G, LDG (RLIN)
a .b400167980
942 ## - ADDED ENTRY ELEMENTS (KOHA)
Source of classification or shelving scheme Dewey Decimal Classification
Koha item type DVD
Holdings
Withdrawn status Lost status Source of classification or shelving scheme Materials specified (bound volume or other part) Damaged status Not for loan Collection code Home library Current library Shelving location Date acquired Source of acquisition Serial Enumeration / chronology Total Checkouts Total Renewals Full call number Barcode Date last seen Date checked out Cost, replacement price Price effective from Koha item type
    Dewey Decimal Classification 3 discs     Television Series Wasatch County Library Wasatch County Library Audio Visual Area 06/26/2025 Amazon Season 5 - Originals 3 2 TV Series Originals #5 34301002159442 03/04/2026 02/18/2026 15.88 06/26/2025 DVD Series
This project was made possible through a grant from the Institute of Museum and Library Service administered by the Utah State Library Division.

Wasatch County Library

  • 465 East 1200 South, Heber City, Utah 84032
  • Phone 435-654-1511 | Fax 435-654-6456

Hours

  • Monday - Friday 9:30 AM - 8:00 PM
  • Saturday 9:30 AM - 1:30 PM
  • Closed Sundays and Holidays